• 首页
  • 本馆介绍
  • 公告通知
  • 最新文献
  • 馆藏检索
  • 电子资源
  • 读者导购
  • 参考咨询
  • 我的图书馆
  • 登录
  • 详细信息显示
  • 放入我的书架
  • 预约/预借图书
  • 作者相关作品
  • 分类相关作品
  • 丛书相关作品
  • 出版社相关作品

书目信息

  • 表格格式
  • 工作单格式
  • 卡片格式
题名:
外国高等教育参考资料
    
 
作者: ;华东师大外国教育研究所 编
分册: 下册  
出版信息: 上海   华东师范大学出版社  1981
页数: ~93页
开本: 19cm
丛书名:
单 册:
中图分类: G649.1 , G51
科图分类:
主题词: 高等教育--概况--外国
电子资源:
ISBN:
000 00744nam0 2200253 45
001 0181008956
005 20040424131949.0
010    @dCNY2.00
091    @a7135.013
100    @a19950413d1981 emky0chiy0121 ea
101 1  @achi
102    @aCN@b310000
105    @ay z 000yy
106    @ar
200 10 @a外国高等教育参考资料@h下册@Awai guo gao deng jiao yu can kao zi liao@f华东师大外国教育研究所编
210    @a上海@c华东师范大学出版社@d1981
215    @a~93页@d19cm
606    @a高等教育@x概况@y外国
690    @aG649.1@v3
690    @aG51
711 02 @a华东师大外国教育研究所@Ahua dong shi da wai guo jiao yu yan jiu suo@4编
801  0 @aCN@b上海图书馆@c20040424
801  2 @aCN@bNLC@c20040424
905    @f1@b54010@dG51@e11:2
    
    外国高等教育参考资料.下册/华东师大外国教育研究所编.-上海:华东师范大学出版社,1981
    ~93页;19cm
    
    
    ISBN :CNY2.00
    
●
相关链接 在E读中查询图书 在五车中查询图书 在当当中查询图书 在豆瓣中查询图书


正题名:外国高等教育参考资料     索取号:G51/11:2         预约/预借

序号 登录号 条形码 馆藏地/架位号 状态 备注
1 0054010   000462234   密集书库/ [索取号:G51/11:2] 在馆    
唐山师范学院图书馆 欢迎您!
大连网信软件有限公司© 版权所有